000
00314 a2200109 4500
001
ART_43073
005
20260410161629.0
008
260409a
245
1
0
_a
Métodos de conversión de estados contables
100
1
_a
Torres, Carlos Federico
773
0
_t
Enfoques
_g
- Nº 7 (jul. 2017)
_w
REV416
999
_c
12280
_d
12280